Derecho Penal español: parte especial
Wedi'i Gadw mewn:
| Prif Awdur: | |
|---|---|
| Fformat: | Llyfr |
| Iaith: | Sbaeneg |
| Cyhoeddwyd: |
Valencia
Tirant Lo Blanch
2015
|
| Rhifyn: | 1a. ed |
| Cyfres: | Manuales
|
| Pynciau: | |
| Tagiau: |
Ychwanegu Tag
Dim Tagiau, Byddwch y cyntaf i dagio'r cofnod hwn!
|
MARC
| LEADER | 00000cam a2200000 a 4500 | ||
|---|---|---|---|
| 001 | UCC7176 | ||
| 003 | CL-VaPUC | ||
| 008 | 190308e20150000sp |||||||||||||||||spa|d | ||
| 020 | |a 9788491190264 | ||
| 082 | 0 | 4 | |a 345.46 |b QUE |2 21 |
| 100 | 0 | |a Queralt Jiménez, Joan Josep |e author |9 601667 | |
| 245 | 1 | 0 | |a Derecho Penal español: parte especial |
| 250 | |a 1a. ed | ||
| 300 | |a 1366 p | ||
| 942 | |c BK | ||
| 945 | |d 20190308 12:54:00 |a dcastane | ||
| 260 | |a Valencia |b Tirant Lo Blanch |c 2015 | ||
| 500 | |a Edición revisada y puesta al día conforme a las leyes orgánicas 1-2015 y 2-2015, de 30 de marzo | ||
| 650 | 0 | |a Derecho penal español |9 368528 | |
| 650 | 7 | |a DELITO CONTRA LAS PERSONAS |2 CL-VaPUC |9 432885 | |
| 650 | 7 | |a DELITO CONTRA LA PROPIEDAD |2 CL-VaPUC |9 368522 | |
| 650 | 0 | |a Fuentes del derecho |9 255162 | |
| 583 | |a last modification |c 20190717 09:52:02 |k Rodrigo Vera | ||
| 490 | 0 | |a Manuales | |
| 999 | |c 373885 |d 373883 | ||
| 952 | |0 0 |1 0 |3 erb |4 0 |6 345_460000000000000_QUE_2015 |7 0 |8 A |9 492159 |a BIBDER |b BIBDER |i 5534933 |l 1 |o 345.46 QUE 2015 |p 5534933 |r 2023-01-25 |s 2022-01-03 |w 2019-11-24 |y BK |z Catalogado en:20190308 |k DER | ||